000 00309nam a2200121Ia 4500
008 220216s9999 xx 000 0 und d
100 _aKamalam Joseph
245 0 _aConserve water for a better future
260 _bPlanters chronicle
_c1995
300 _a601-608
650 _aWater conservation
942 _cJS
999 _c56182
_d56182